[Event "Inter-clubs"]
[Site "Quebec CAN"]
[Date "2006.10.22"]
[Round "3"]
[White "Guy, Philippe"]
[Black "Libersan, Thierry"]
[Result "0-1"]
[WhiteElo "1536"]
[BlackElo "1978"]
[PlyCount "138"]
[EventDate "2006.10.21"]
[EventType "team"]
[EventRounds "3"]
[EventCountry "CAN"]

1. Nf3 Nf6 2. g3 g6 3. Bg2 Bg7 4. O-O O-O 5. c3 d6 6. d4 Nbd7 7. Nbd2 e5 8. e4
Re8 9. Re1 Rb8 10. Qc2 c6 11. Nc4 Qc7 12. dxe5 dxe5 13. Bg5 b5 14. Ncd2 Bb7 15.
a4 a6 16. axb5 cxb5 17. Rad1 Nc5 18. b4 Ne6 19. Bxf6 Bxf6 20. Nb3 Rbc8 21. Rd3
Red8 22. Rxd8+ Bxd8 23. Rc1 Bf6 24. Qe2 Kg7 25. h4 h6 26. Ne1 Be7 27. Na5 Bxb4
28. Nxb7 Qxb7 29. Qe3 Bc5 30. Qf3 Bb6 31. Nd3 Qb8 32. Nb4 a5 33. Nd5 Bd8 34.
Bh3 Rc6 35. Rb1 Nc7 36. Qd3 Nxd5 37. exd5 Rc5 38. Bf1 b4 39. c4 Be7 40. Qb3 Qb6
41. Ra1 Rc7 42. Qa4 Ra7 43. Bd3 Bc5 44. Ra2 Ra6 45. Kg2 Bd4 46. f3 Ra7 47. Qd1
f5 48. Qb3 h5 49. Qa4 Kh6 50. Qd1 Qc5 51. Qd2+ Kh7 52. Qg5 Qd6 53. Re2 b3 54.
Bxf5 gxf5 55. Qxh5+ Qh6 56. Qxf5+ Qg6 57. Qe6 Qxe6 58. dxe6 b2 59. Re1 a4 60.
f4 exf4 61. gxf4 Kg6 62. e7 Rxe7 63. Rxe7 b1=Q 64. Re6+ Kf5 65. Ra6 Qe4+ 66.
Kh3 Qf3+ 67. Kh2 Kxf4 68. Rxa4 Qg3+ 69. Kh1 Qg1# 0-1

[Event "Inter-clubs"]
[Site "Quebec CAN"]
[Date "2006.10.22"]
[Round "3"]
[White "Ye, Ling Feng"]
[Black "Cummins, Paul"]
[Result "1-0"]
[WhiteElo "1888"]
[BlackElo "1600"]
[PlyCount "57"]
[EventDate "2006.10.21"]
[EventType "team"]
[EventRounds "3"]
[EventCountry "CAN"]

1. e4 c5 2. Nf3 d6 3. d4 cxd4 4. Nxd4 Nf6 5. Nc3 g6 6. Be3 Bg7 7. f3 Nc6 8. Qd2
O-O 9. O-O-O d5 10. exd5 Nxd5 11. Nxc6 bxc6 12. Bd4 Nf6 13. g4 Be6 14. h4 Qa5
15. a3 c5 16. Qg5 Rac8 17. Be5 Rfd8 18. Rxd8+ Rxd8 19. h5 Rd5 20. Bd3 Rxe5 21.
Qxe5 Nd7 22. Qe1 Ne5 23. hxg6 Nxd3+ 24. cxd3 hxg6 25. f4 Qc7 26. Qe4 Bxg4 27.
Qa8+ Bc8 28. Nd5 Bf8 29. Nxc7 1-0

[Event "Inter-clubs"]
[Site "Quebec CAN"]
[Date "2006.10.22"]
[Round "4"]
[White "Cummins, Paul"]
[Black "Fareh, Youness"]
[Result "0-1"]
[WhiteElo "1600"]
[BlackElo "2167"]
[PlyCount "24"]
[EventDate "2006.10.21"]
[EventType "team"]
[EventRounds "3"]
[EventCountry "CAN"]

1. e4 c5 2. Nf3 Nc6 3. d4 cxd4 4. Nxd4 Nf6 5. Nc3 e6 6. Nxc6 bxc6 7. e5 Nd5 8.
Nxd5 cxd5 9. Bd3 Qc7 10. Qe2 Bb4+ 11. c3 Bxc3+ 12. Kf1 Bxe5 0-1

[Event "Inter-clubs"]
[Site "Quebec CAN"]
[Date "2006.10.22"]
[Round "4"]
[White "Gagnon, Francois"]
[Black "Ye, Ling Feng"]
[Result "0-1"]
[WhiteElo "1600"]
[BlackElo "1888"]
[PlyCount "78"]
[EventDate "2006.10.21"]
[EventType "team"]
[EventRounds "3"]
[EventCountry "CAN"]

1. e4 c5 2. Nf3 e6 3. d4 cxd4 4. Nxd4 Nf6 5. Nc3 d6 6. Bd3 a6 7. Qe2 Qc7 8. Bg5
Nbd7 9. O-O-O b5 10. Nd5 exd5 11. exd5+ Be7 12. Rhe1 O-O 13. Qxe7 Re8 14. Bxh7+
Kxh7 15. Qxf7 Rf8 16. Qxg7+ Kxg7 17. Ne6+ Kg6 18. Nxc7 Ra7 19. Ne6 Rh8 20. h4
Ne5 21. f3 Re8 22. Bxf6 Kxf6 23. Ng5 Rc7 24. Re3 Bf5 25. c3 b4 26. f4 Nd3+ 27.
Rdxd3 Rh8 28. Rd4 bxc3 29. Rxc3 Rxc3+ 30. bxc3 Rxh4 31. Ne4+ Ke7 32. Ng5 Rg4
33. Ra4 Rxg2 34. Rxa6 Rc2+ 35. Kd1 Rxc3 36. Ra7+ Kf6 37. Rf7+ Kg6 38. Rf8 Rd3+
39. Ke2 Rxd5 0-1

[Event "Inter-clubs"]
[Site "Quebec CAN"]
[Date "2006.10.22"]
[Round "4"]
[White "Libersan, Thierry"]
[Black "Lapierre, Gaetan"]
[Result "1-0"]
[WhiteElo "1978"]
[BlackElo "1536"]
[PlyCount "41"]
[EventDate "2006.10.21"]
[EventType "team"]
[EventRounds "3"]
[EventCountry "CAN"]

1. e4 d6 2. d4 Nf6 3. f3 g6 4. Be3 Bg7 5. Nc3 O-O 6. Qd2 e5 7. d5 Ne8 8. g4 c5
9. O-O-O f5 10. gxf5 gxf5 11. exf5 Bxf5 12. Bd3 a6 13. Bxf5 Rxf5 14. Nh3 b5 15.
Ng5 c4 16. Nce4 a5 17. Rhg1 Kh8 18. Rg3 b4 19. Rdg1 Qc8 20. Ne6 Rf7 21. Qg2 1-0

[Event "Inter-clubs"]
[Site "Quebec CAN"]
[Date "2006.10.22"]
[Round "4"]
[White "Masse, Hugues"]
[Black "Chiffot, Nicolas"]
[Result "1-0"]
[WhiteElo "2028"]
[BlackElo "1790"]
[PlyCount "73"]
[EventDate "2006.10.21"]
[EventType "team"]
[EventRounds "3"]
[EventCountry "CAN"]

1. d4 Nf6 2. c4 g6 3. Nc3 Bg7 4. e4 d6 5. Nf3 O-O 6. Be2 e5 7. Be3 Nbd7 8. O-O
Re8 9. d5 a5 10. Nd2 b6 11. a3 h6 12. Qc2 Nh7 13. b4 Qe7 14. Nb5 f5 15. Nxc7 f4
16. Nxa8 fxe3 17. fxe3 Qd8 18. c5 bxc5 19. bxc5 Nxc5 20. Rab1 Qg5 21. Nc4 Bh3
22. Bf3 Rxa8 23. Nxd6 Qxe3+ 24. Kh1 Bc8 25. Nxc8 Rxc8 26. Bg4 Rc7 27. Rb8+ Nf8
28. d6 Rb7 29. Rxb7 Nxb7 30. Qc4+ Kh8 31. Qd5 Nc5 32. d7 Ncxd7 33. Bxd7 Nxd7
34. Qxd7 Qe2 35. Qd1 Qxe4 36. h3 Qa4 37. Qxa4 1-0

[Event "Jack Taylor mem"]
[Site "Victoria CAN"]
[Date "2006.11.25"]
[Round "1.3"]
[White "Ozkan, Charlie"]
[Black "Wu, Howard"]
[Result "0-1"]
[WhiteElo "1872"]
[BlackElo "2210"]
[PlyCount "72"]
[EventDate "2006.11.25"]
[EventType "swiss"]
[EventRounds "5"]
[EventCountry "CAN"]

1. c4 g6 2. d4 c5 3. Nf3 Bg7 4. e3 Nf6 5. Nc3 O-O 6. Be2 cxd4 7. exd4 d5 8. O-O
dxc4 9. Bf4 Nc6 10. d5 Na5 11. Ne5 Bf5 12. g4 Bd7 13. g5 Ne8 14. Nxc4 Nxc4 15.
Bxc4 Bf5 16. Qf3 Rc8 17. Bb3 Nd6 18. h4 Nc4 19. Bc1 Qd7 20. Re1 b5 21. a4 Ne5
22. Qg3 Nd3 23. Re3 Nxc1 24. Rxc1 b4 25. Ne2 Rxc1+ 26. Nxc1 Bxb2 27. Nd3 Bd4
28. Re1 a5 29. Ne5 Qd6 30. Kg2 Bc3 31. Re2 Qc5 32. Ng4 Bc8 33. h5 Bb7 34. Qf3
e6 35. Rc2 f5 36. Nh6+ Kg7 0-1

[Event "Jack Taylor mem"]
[Site "Victoria CAN"]
[Date "2006.11.25"]
[Round "1.4"]
[White "Chan, James"]
[Black "Esler, Brian"]
[Result "1-0"]
[WhiteElo "2001"]
[BlackElo "2006"]
[PlyCount "49"]
[EventDate "2006.11.25"]
[EventType "swiss"]
[EventRounds "5"]
[EventCountry "CAN"]

1. e4 e5 2. Nf3 Nc6 3. Bb5 a6 4. Ba4 Nf6 5. O-O b5 6. Bb3 Nxe4 7. d4 d5 8. dxe5
Be6 9. c3 Be7 10. Nbd2 Nc5 11. Bc2 O-O 12. Nb3 Bg4 13. Re1 Re8 14. Nbd4 Nxd4
15. Qxd4 Bxf3 16. gxf3 Ne6 17. Qg4 Qc8 18. f4 g6 19. f5 Ng7 20. e6 fxe6 21.
fxg6 h5 22. Qf4 Qd7 23. Qf7+ Kh8 24. Re3 Rg8 25. Rh3 1-0

[Event "Jack Taylor mem"]
[Site "Victoria CAN"]
[Date "2006.11.25"]
[Round "1.5"]
[White "Raymer, Elliot"]
[Black "Jose, Marionito"]
[Result "1-0"]
[WhiteElo "1762"]
[BlackElo "1760"]
[PlyCount "61"]
[EventDate "2006.11.25"]
[EventType "swiss"]
[EventRounds "5"]
[EventCountry "CAN"]

1. e4 c5 2. d4 cxd4 3. c3 d3 4. Bxd3 d6 5. Nf3 e6 6. O-O Nc6 7. Be3 Be7 8. Nbd2
g5 9. Nb3 h5 10. Qd2 g4 11. Nfd4 Ne5 12. f4 Ng6 13. f5 Ne5 14. Bb5+ Bd7 15.
fxe6 Bxb5 16. exf7+ Nxf7 17. Nxb5 Nf6 18. Bd4 Ne5 19. Bxe5 dxe5 20. Qxd8+ Bxd8
21. Rf5 Bb6+ 22. Kf1 O-O 23. Ke2 Nxe4 24. Raf1 g3 25. h3 Nf2 26. Rxh5 Ne4 27.
Rxe5 Rxf1 28. Kxf1 Rf8+ 29. Ke1 Bf2+ 30. Ke2 Nd6 31. Nxd6 1-0

[Event "Jack Taylor mem"]
[Site "Victoria CAN"]
[Date "2006.11.25"]
[Round "1.6"]
[White "Epple, Dennis"]
[Black "Weller, Tony"]
[Result "1-0"]
[WhiteElo "2144"]
[BlackElo "1879"]
[PlyCount "83"]
[EventDate "2006.11.25"]
[EventType "swiss"]
[EventRounds "5"]
[EventCountry "CAN"]

1. e4 c5 2. Nf3 e6 3. Be2 Nc6 4. O-O Nf6 5. d3 Be7 6. c3 d5 7. Qc2 Qc7 8. a3
O-O 9. b4 b6 10. Nbd2 Bb7 11. b5 Ne5 12. Nxe5 Qxe5 13. f4 Qc7 14. c4 dxe4 15.
dxe4 e5 16. f5 Rad8 17. Bf3 Qd6 18. Ra2 Qd4+ 19. Rf2 Qd3 20. g4 h6 21. Qxd3
Rxd3 22. Bb2 Re3 23. Bxe5 Nxe4 24. Nxe4 Bxe4 25. Rfe2 Rxe2 26. Bxe2 Rd8 27. Kf2
Bg5 28. a4 Re8 29. Bg3 Be3+ 30. Kf1 Rd8 31. a5 Bd3 32. Bc7 Bxe2+ 33. Kxe2 Re8
34. axb6 Bd4+ 35. Kd2 axb6 36. Bxb6 Re4 37. h3 Re3 38. Bc7 Rxh3 39. b6 Rb3 40.
Ra7 Rb2+ 41. Kd3 Rb3+ 42. Ke4 1-0

[Event "Jack Taylor mem"]
[Site "Victoria CAN"]
[Date "2006.11.26"]
[Round "2.1"]
[White "Wu, Howard"]
[Black "Moore, Harry"]
[Result "1/2-1/2"]
[WhiteElo "2210"]
[BlackElo "2290"]
[PlyCount "46"]
[EventDate "2006.11.25"]
[EventType "swiss"]
[EventRounds "5"]
[EventCountry "CAN"]

1. e4 Nf6 2. e5 Nd5 3. c4 Nb6 4. c5 Nd5 5. Nc3 e6 6. d4 Nxc3 7. bxc3 d6 8. cxd6
cxd6 9. Nf3 Nc6 10. exd6 Bxd6 11. Bd3 h6 12. O-O O-O 13. Re1 Qc7 14. Qe2 Rd8
15. Bd2 Bf8 16. Qe4 g6 17. Qh4 Qe7 18. Qg3 Bg7 19. Bf4 g5 20. Bc1 Qe8 21. Qd6
Rxd6 22. Be3 Rd8 23. Bb5 Bd7 1/2-1/2

[Event "Jack Taylor mem"]
[Site "Victoria CAN"]
[Date "2006.11.25"]
[Round "2.3"]
[White "Raymer, Elliot"]
[Black "Epple, Dennis"]
[Result "0-1"]
[WhiteElo "1762"]
[BlackElo "2144"]
[PlyCount "38"]
[EventDate "2006.11.25"]
[EventType "swiss"]
[EventRounds "5"]
[EventCountry "CAN"]

1. e4 c5 2. d4 cxd4 3. c3 Nf6 4. e5 Nd5 5. Nf3 e6 6. cxd4 b6 7. Nc3 Bb7 8. Bc4
Nxc3 9. bxc3 Qc7 10. Qd3 Be7 11. O-O Nc6 12. Re1 Rc8 13. Bd2 Nxd4 14. cxd4 Qxc4
15. Qxc4 Rxc4 16. Rec1 Rc6 17. Rab1 O-O 18. Bb4 Rxc1+ 19. Rxc1 Bxb4 0-1

[Event "Jack Taylor mem"]
[Site "Victoria CAN"]
[Date "2006.11.25"]
[Round "2.4"]
[White "Weller, Tony"]
[Black "Patterson, Roger"]
[Result "1/2-1/2"]
[WhiteElo "1879"]
[BlackElo "2142"]
[PlyCount "139"]
[EventDate "2006.11.25"]
[EventType "swiss"]
[EventRounds "5"]
[EventCountry "CAN"]

1. d4 Nf6 2. c4 e6 3. Nf3 b6 4. e3 Bb7 5. Be2 Be7 6. O-O O-O 7. Nc3 d5 8. b3 c5
9. Bb2 cxd4 10. Nxd4 dxc4 11. Bxc4 Nbd7 12. Qe2 Ne5 13. Ba6 Qc8 14. Bxb7 Qxb7
15. Rac1 Rac8 16. Rc2 a6 17. Rfc1 Ned7 18. f3 Rc7 19. Ne4 Rxc2 20. Nxf6+ Nxf6
21. Qxc2 Nd5 22. e4 Nb4 23. Qc7 Qxc7 24. Rxc7 Bc5 25. Kf1 Nxa2 26. Nxe6 Rb8 27.
Nxc5 bxc5 28. Rxc5 f6 29. Ra5 Nb4 30. Bc3 Nc2 31. Rxa6 Rxb3 32. Rc6 Ne3+ 33.
Kg1 Rb1+ 34. Kf2 Nd1+ 35. Ke2 Nxc3+ 36. Rxc3 Rb2+ 37. Kf1 Kf7 38. Rc7+ Kg6 39.
f4 Rb1+ 40. Kf2 Rb2+ 41. Kg3 Rb3+ 42. Kh4 Re3 43. Re7 h6 44. e5 fxe5 45. Rxe5
Ra3 46. g3 Rb3 47. Kg4 Ra3 48. Rb5 Ra6 49. h4 Rc6 50. h5+ Kf6 51. Rb3 Ra6 52.
Rb4 Rc6 53. Re4 Ra6 54. f5 Rb6 55. Kf4 Ra6 56. g4 Rb6 57. Ke3 Ra6 58. Kd4 Ra4+
59. Kd5 Ra5+ 60. Kc6 Ra6+ 61. Kc5 Ra5+ 62. Kb6 Rd5 63. Re6+ Kf7 64. Kc7 Rd4 65.
Rg6 Rf4 66. Kd6 Rf1 67. g5 Rxf5 68. gxh6 gxh6 69. Rxh6 Rf6+ 70. Rxf6+ 1/2-1/2

[Event "Jack Taylor mem"]
[Site "Victoria CAN"]
[Date "2006.12.25"]
[Round "2.5"]
[White "Leblanc, Paul"]
[Black "Esler, Brian"]
[Result "0-1"]
[WhiteElo "1923"]
[BlackElo "2006"]
[PlyCount "104"]
[EventDate "2006.11.25"]
[EventType "swiss"]
[EventRounds "5"]
[EventCountry "CAN"]

1. d4 Nf6 2. g3 g6 3. Bg2 Bg7 4. Nf3 O-O 5. O-O d6 6. c4 c5 7. d5 e6 8. Nc3
exd5 9. cxd5 Re8 10. Bf4 a6 11. a4 h6 12. h4 Bf5 13. a5 Ne4 14. Ra3 Qc7 15. Rb3
c4 16. Nxe4 cxb3 17. Nxd6 Bc2 18. Qd2 Rd8 19. Nc4 Qc5 20. Nb6 Ra7 21. Bxb8 Rxb8
22. Nd7 Qd6 23. Nxb8 Bxb2 24. Nd4 Qxb8 25. Nxc2 bxc2 26. Qxc2 Be5 27. Rc1 b5
28. axb6 Qxb6 29. Qc8+ Kg7 30. Qe8 Bxg3 31. e3 Bxf2+ 32. Kh2 Qd6+ 33. Kh1 Qg3
34. Qe4 Qxe3 35. Qxe3 Bxe3 36. Rc4 a5 37. Be4 a4 38. Bb1 a3 39. Ba2 Ra6 40. Kg2
g5 41. hxg5 hxg5 42. Kf3 Bf4 43. Ke4 Kg6 44. Rb4 f5+ 45. Kf3 Bd6 46. Rc4 g4+
47. Kg2 f4 48. Rc8 f3+ 49. Kf2 Kf5 50. Rc3 Rb6 51. Rb3 Rxb3 52. Bxb3 Kf4 0-1

[Event "Jack Taylor mem"]
[Site "Victoria CAN"]
[Date "2006.11.25"]
[Round "2.6"]
[White "Jose, Marionito"]
[Black "Aquino, Manfrei"]
[Result "1-0"]
[WhiteElo "1760"]
[BlackElo "1918"]
[PlyCount "77"]
[EventDate "2006.11.25"]
[EventType "swiss"]
[EventRounds "5"]
[EventCountry "CAN"]

1. e4 e5 2. Nf3 Nc6 3. Bb5 a6 4. Ba4 Nf6 5. d3 b5 6. Bb3 Be7 7. c3 d6 8. h3 O-O
9. Be3 Na5 10. Bc2 c5 11. Nbd2 Qc7 12. O-O Bd7 13. Re1 Rac8 14. Nf1 Rfe8 15. g4
g6 16. Ng3 Kg7 17. Qd2 Ng8 18. Kh2 f6 19. Rg1 Kf7 20. Rac1 Be6 21. b3 d5 22. d4
cxd4 23. cxd4 exd4 24. Bf4 Qb6 25. e5 Nc6 26. Rce1 Qd8 27. Nf5 Bxf5 28. gxf5 g5
29. exf6 Bb4 30. Nxg5+ Kxf6 31. Nxh7+ Kf7 32. Qc1 Qh4 33. Ng5+ Kf8 34. Bg3 Qh8
35. Ne6+ Rxe6 36. fxe6 Nf6 37. Qf4 Ke7 38. Bf5 Rf8 39. Qc7+ 1-0

[Event "Jack Taylor mem"]
[Site "Victoria CAN"]
[Date "2006.11.25"]
[Round "3.6"]
[White "Aquino, Manfrei"]
[Black "Weller, Tony"]
[Result "1/2-1/2"]
[WhiteElo "1918"]
[BlackElo "1879"]
[PlyCount "114"]
[EventDate "2006.11.25"]
[EventType "swiss"]
[EventRounds "5"]
[EventCountry "CAN"]

1. d4 Nf6 2. c4 e6 3. Nf3 c5 4. d5 d6 5. Nc3 Be7 6. e4 e5 7. Be2 O-O 8. O-O Bg4
9. Ne1 Bxe2 10. Qxe2 Na6 11. Nd3 Nc7 12. f4 exf4 13. Bxf4 Re8 14. Qf3 Nd7 15.
e5 dxe5 16. Nxe5 Nxe5 17. Bxe5 f6 18. Bf4 Bd6 19. Ne4 Bxf4 20. Qxf4 b6 21. Rae1
Re5 22. Qg3 Kh8 23. Rf4 Qe8 24. Qf3 Qf7 25. Rf1 Ne8 26. Qg3 Qe7 27. Ng5 Nc7 28.
Nh3 Re8 29. R4f2 Re3 30. Rf3 Rxf3 31. Qxf3 Qe5 32. Qf4 Qxf4 33. Rxf4 Re2 34.
Kf1 Re5 35. Rf2 Ne8 36. Re2 Nd6 37. Rxe5 fxe5 38. b3 Kg8 39. Ke2 h6 40. Ke3 Kf7
41. Nf2 Ke7 42. Ng4 Nf7 43. Ke4 Kd6 44. h4 a6 45. Ne3 g6 46. g4 Ke7 47. h5 Kf6
48. hxg6 Nd6+ 49. Kf3 Kxg6 50. Nd1 Kf6 51. Nf2 Nf7 52. Ne4+ Ke7 53. Kg3 Kf8 54.
Nf6 Ke7 55. Ne4 Kf8 56. Nf6 Ke7 57. Ne4 Kf8 1/2-1/2

[Event "Jack Taylor mem"]
[Site "Victoria CAN"]
[Date "2006.11.26"]
[Round "4.6"]
[White "Ozkan, Charlie"]
[Black "Aquino, Manfrei"]
[Result "0-1"]
[WhiteElo "1872"]
[BlackElo "1918"]
[PlyCount "52"]
[EventDate "2006.11.25"]
[EventType "swiss"]
[EventRounds "5"]
[EventCountry "CAN"]

1. c4 f5 2. g3 Nf6 3. Bg2 e5 4. Nc3 g6 5. d3 Bg7 6. Nf3 d6 7. Bg5 c6 8. Rb1 Be6
9. Nd2 Nbd7 10. b4 h6 11. Bxf6 Nxf6 12. b5 Qa5 13. Qc2 Rc8 14. bxc6 bxc6 15.
O-O O-O 16. Rb7 Rf7 17. Rfb1 Qa6 18. Rxf7 Bxf7 19. Rb4 Rc7 20. Qb3 Nd7 21. Ra4
Qb6 22. Qxb6 Nxb6 23. Ra5 d5 24. Na4 d4 25. c5 Nd7 26. Nb3 Rb7 0-1

[Event "Jack Taylor mem"]
[Site "Victoria CAN"]
[Date "2006.11.26"]
[Round "5.2"]
[White "Chan, James"]
[Black "Wu, Howard"]
[Result "1/2-1/2"]
[WhiteElo "2001"]
[BlackElo "2210"]
[PlyCount "29"]
[EventDate "2006.11.25"]
[EventType "swiss"]
[EventRounds "5"]
[EventCountry "CAN"]

1. e4 c5 2. Nf3 Nc6 3. Bb5 g6 4. O-O Bg7 5. c3 e5 6. d4 cxd4 7. cxd4 exd4 8.
Bf4 Nge7 9. Bd6 Qb6 10. Na3 a6 11. Bc4 O-O 12. e5 Qd8 13. Re1 b5 14. Bb3 Bb7
15. Nc2 1/2-1/2

[Event "Jack Taylor mem"]
[Site "Victoria CAN"]
[Date "2006.11.26"]
[Round "5.3"]
[White "Weller, Tony"]
[Black "Moore, Harry"]
[Result "0-1"]
[WhiteElo "1879"]
[BlackElo "2290"]
[PlyCount "66"]
[EventDate "2006.11.25"]
[EventType "swiss"]
[EventRounds "5"]
[EventCountry "CAN"]

1. Nf3 g6 2. g3 Bg7 3. Bg2 Nf6 4. O-O O-O 5. d4 d6 6. c4 Nc6 7. Nc3 a6 8. Bf4
Bd7 9. Rc1 Rb8 10. Qd2 b5 11. d5 Na5 12. Nxb5 axb5 13. Qxa5 bxc4 14. Rxc4 Rxb2
15. Nd4 c5 16. Qxd8 Rxd8 17. Nc6 Re8 18. a4 Rxe2 19. Be3 Ra2 20. Re1 e5 21. Bg5
Ra8 22. Rb1 e4 23. Bxe4 Nxe4 24. Rxe4 Bf5 25. Ne7+ Kf8 26. Nxf5 gxf5 27. Rf4 h6
28. Bh4 Ra1 29. Rxa1 Bxa1 30. Rxf5 Rxa4 31. Bf6 c4 32. Bxa1 Rxa1+ 33. Kg2 c3
0-1

[Event "Jack Taylor mem"]
[Site "Victoria CAN"]
[Date "2006.11.26"]
[Round "5.4"]
[White "Leblanc, Paul"]
[Black "Aquino, Manfrei"]
[Result "0-1"]
[WhiteElo "1923"]
[BlackElo "1918"]
[PlyCount "38"]
[EventDate "2006.11.25"]
[EventType "swiss"]
[EventRounds "5"]
[EventCountry "CAN"]

1. d4 f5 2. Nf3 Nf6 3. g3 g6 4. Bg2 Bg7 5. O-O O-O 6. c4 d6 7. Nc3 c6 8. Qc2
Qe8 9. b3 e5 10. dxe5 dxe5 11. Ba3 Rf7 12. Rad1 e4 13. Nd4 Ng4 14. e3 Ne5 15.
Nde2 Be6 16. Rd2 Nbd7 17. Nc1 Bf8 18. Bxf8 Qxf8 19. N1e2 g5 0-1

[Event "January TNT"]
[Site "Winnipeg CAN"]
[Date "2006.01.03"]
[Round "1"]
[White "Bigras, Roger"]
[Black "Kwiatek, Jordan"]
[Result "0-1"]
[WhiteElo "1282"]
[BlackElo "1710"]
[PlyCount "64"]
[EventDate "2006.01.03"]
[EventType "swiss"]
[EventRounds "5"]
[EventCountry "CAN"]

1. e4 c5 2. Nf3 d6 3. d4 cxd4 4. Nxd4 Nf6 5. Nc3 g6 6. Be2 Bg7 7. O-O Nc6 8.
Be3 O-O 9. Qd2 Ng4 10. Nxc6 bxc6 11. Bf4 Be6 12. Bxg4 Bxg4 13. f3 Bc8 14. Kh1
Ba6 15. Rfd1 Re8 16. Bh6 Bh8 17. Rab1 Qb6 18. Be3 Qc7 19. Bf4 Rad8 20. Na4 e5
21. Be3 d5 22. exd5 cxd5 23. c3 Bc8 24. b3 d4 25. cxd4 exd4 26. Bf2 Ba6 27.
Rbc1 Qd6 28. Re1 Be5 29. Nb2 Bf4 30. Rxe8+ Rxe8 31. Qxd4 Qxd4 32. Bxd4 Bxc1 0-1

[Event "January TNT"]
[Site "Winnipeg CAN"]
[Date "2006.01.03"]
[Round "1"]
[White "Evans, Brian"]
[Black "Wierda, John"]
[Result "0-1"]
[WhiteElo "1385"]
[BlackElo "1817"]
[PlyCount "94"]
[EventDate "2006.01.03"]
[EventType "swiss"]
[EventRounds "5"]
[EventCountry "CAN"]

1. e4 e6 2. d4 d5 3. Nc3 Bb4 4. e5 c5 5. a3 cxd4 6. Qxd4 Nc6 7. Bb5 Bxc3+ 8.
Qxc3 Nge7 9. Bg5 Qb6 10. Bxe7 Qxb5 11. Bd6 Ne7 12. Bxe7 Kxe7 13. Qc7+ Bd7 14.
Qd6+ Ke8 15. Qb4 Rc8 16. Qxb5 Bxb5 17. O-O-O Ke7 18. Nf3 f6 19. exf6+ gxf6 20.
Rhe1 Rhg8 21. g3 Bc6 22. Nd4 e5 23. Nxc6+ bxc6 24. Re3 Rb8 25. Rd4 Kd6 26. Rh4
Rb7 27. Rf3 Ke6 28. Rh6 Rg6 29. Rxg6 hxg6 30. Rc3 Kd6 31. b3 Rh7 32. h4 f5 33.
Kd2 c5 34. b4 Rc7 35. bxc5+ Rxc5 36. Rxc5 Kxc5 37. Kc3 d4+ 38. Kb3 e4 39. c4 e3
40. fxe3 dxe3 41. Kc3 e2 42. Kd2 Kxc4 43. Kxe2 Kb3 44. Kf3 Kxa3 45. Kf4 a5 46.
Kg5 a4 47. Kxg6 Kb3 0-1

[Event "January TNT"]
[Site "Winnipeg CAN"]
[Date "2006.01.03"]
[Round "1"]
[White "Gibbons, Lorne"]
[Black "Falade, Davidson"]
[Result "0-1"]
[WhiteElo "1306"]
[BlackElo "1720"]
[PlyCount "71"]
[EventDate "2006.01.03"]
[EventType "swiss"]
[EventRounds "5"]
[EventCountry "CAN"]

1. d4 d5 2. c4 dxc4 3. Nc3 e6 4. e4 Nc6 5. Nf3 Bb4 6. Bxc4 Nf6 7. Bg5 h6 8.
Bxf6 Qxf6 9. O-O O-O 10. e5 Qf4 11. Ne2 Qg4 12. h3 Qe4 13. Ng3 Qh7 14. Bd3 g6
15. Nh5 Be7 16. Qc2 Rd8 17. Qc4 Qh8 18. Ng3 Qg7 19. Rfe1 Nb4 20. Be4 c6 21. Ne2
b5 22. Qc3 Bb7 23. a3 Nd5 24. Qd3 a5 25. Nc3 f5 26. Bxd5 exd5 27. Nxb5 Ba6 28.
a4 Rdb8 29. Qb3 cxb5 30. Qxd5+ Kh8 31. e6 b4 32. Qxa5 Bb7 33. Qe5 Bf6 34. Qe3
Bxf3 35. Qxf3 Bxd4 36. b3 0-1

[Event "January TNT"]
[Site "Winnipeg CAN"]
[Date "2006.01.03"]
[Round "1"]
[White "Gibson, Fred"]
[Black "Essery, Richard"]
[Result "0-1"]
[WhiteElo "1183"]
[BlackElo "1617"]
[PlyCount "37"]
[EventDate "2006.01.03"]
[EventType "swiss"]
[EventRounds "5"]
[EventCountry "CAN"]

1. e4 c5 2. Nf3 d5 3. exd5 Nf6 4. Bc4 Nxd5 5. O-O Bg4 6. h3 Bh5 7. d3 e6 8. Be3
Nxe3 9. fxe3 Bd6 10. Bb5+ Nd7 11. Bxd7+ Qxd7 12. Ne5 Bxe5 13. Qxh5 Bxb2 14. Qg5
Bxa1 15. Nd2 Bf6 16. Qxc5 Rc8 17. Qxa7 Rxc2 18. Nc4 O-O 19. d4 0-1

[Event "January TNT"]
[Site "Winnipeg CAN"]
[Date "2006.01.03"]
[Round "1"]
[White "Green, Jim"]
[Black "Wasserman, Leor"]
[Result "1-0"]
[WhiteElo "1717"]
[BlackElo "1297"]
[PlyCount "59"]
[EventDate "2006.01.03"]
[EventType "swiss"]
[EventRounds "5"]
[EventCountry "CAN"]

1. e4 e5 2. Nf3 Nc6 3. Bb5 d6 4. O-O Nf6 5. Nc3 Be7 6. d4 exd4 7. Nxd4 Bd7 8.
Nf3 O-O 9. Re1 a6 10. Bc4 Be6 11. Nd5 Bxd5 12. exd5 Na7 13. Bg5 c6 14. dxc6
Nxc6 15. c3 d5 16. Bd3 Bc5 17. Qc2 h6 18. Bh4 d4 19. Rad1 Qd6 20. a3 dxc3 21.
Bh7+ Nxh7 22. Rxd6 Bxd6 23. Qxc3 Rac8 24. Qd2 Rfd8 25. Bxd8 Rxd8 26. Qc3 Rc8
27. Qb3 Na5 28. Qd5 Nc4 29. Qxb7 Rb8 30. Qxa6 1-0

[Event "January TNT"]
[Site "Winnipeg CAN"]
[Date "2006.01.03"]
[Round "1"]
[White "Khedkar, Jay"]
[Black "Trueman, Francis"]
[Result "1-0"]
[WhiteElo "1876"]
[BlackElo "1414"]
[PlyCount "49"]
[EventDate "2006.01.03"]
[EventType "swiss"]
[EventRounds "5"]
[EventCountry "CAN"]

1. e4 d6 2. d4 Nd7 3. Nf3 g6 4. Bc4 h6 5. O-O Bg7 6. Nc3 e5 7. Be3 Ne7 8. Qe2
Nb6 9. Bb3 Bg4 10. dxe5 Bxe5 11. Bxf7+ Kxf7 12. Nxe5+ dxe5 13. Qxg4 Qd7 14. Qe2
Qe6 15. f4 Ke8 16. f5 gxf5 17. exf5 Qf6 18. Ne4 Qf7 19. b3 Nbd5 20. Qb5+ Kf8
21. Bc5 b6 22. Bxe7+ Nxe7 23. Qxe5 Rg8 24. Rad1 Re8 25. Rd7 1-0

[Event "January TNT"]
[Site "Winnipeg CAN"]
[Date "2006.01.03"]
[Round "1"]
[White "Lindsay, Richard"]
[Black "Green, Aaron"]
[Result "1/2-1/2"]
[WhiteElo "1753"]
[BlackElo "1315"]
[PlyCount "60"]
[EventDate "2006.01.03"]
[EventType "swiss"]
[EventRounds "5"]
[EventCountry "CAN"]

1. Nf3 Nf6 2. c4 g6 3. b4 Bg7 4. Bb2 O-O 5. g3 d6 6. Bg2 e5 7. d3 Nbd7 8. Nbd2
Ne8 9. O-O f5 10. Qc2 g5 11. e3 g4 12. Nh4 Ndf6 13. f4 Nh5 14. Bh1 Rb8 15. fxe5
dxe5 16. Ng2 Nd6 17. Rf2 Rf7 18. c5 Ne8 19. Raf1 Be6 20. Nc4 e4 21. d4 Qd5 22.
Ne5 Bxe5 23. dxe5 Qxa2 24. Ra1 Qb3 25. Qxb3 Bxb3 26. Rd2 a6 27. Nf4 Nxf4 28.
gxf4 c6 29. Bg2 Bd5 30. Bf1 Nc7 1/2-1/2

[Event "January TNT"]
[Site "Winnipeg CAN"]
[Date "2006.01.03"]
[Round "1"]
[White "Lipnowski, Samuel"]
[Black "Rumpel, Chris"]
[Result "1-0"]
[WhiteElo "2180"]
[BlackElo "1579"]
[PlyCount "27"]
[EventDate "2006.01.03"]
[EventType "swiss"]
[EventRounds "5"]
[EventCountry "CAN"]

1. e4 e6 2. d4 d5 3. Nc3 dxe4 4. Nxe4 Bd7 5. Nf3 Bc6 6. Bd3 Nd7 7. O-O Ngf6 8.
Nxf6+ Nxf6 9. c3 Be7 10. Ne5 Be4 11. Bxe4 Nxe4 12. Qg4 Nf6 13. Qxg7 Rg8 14.
Qxf7# 1-0